La moneda hispánica / (Record no. 141291)

MARC details
000 -LEADER
campo de control de longitud fija 00873nam a2200241 i 4500
001 - NÚMERO DE CONTROL
campo de control 141291
003 - IDENTIFICADOR DE NÚMERO DE CONTROL
campo de control ES-MaACL
005 - FECHA Y HORA DE LA ÚLTIMA TRANSACCIÓN
campo de control 20260127145410.0
007 - CAMPO FIJO DE DESCRIPCIÓN FÍSICA--INFORMACIÓN GENERAL
campo de control de longitud fija t|
008 - DATOS DE LONGITUD FIJA--INFORMACIÓN GENERAL
campo de control de longitud fija 070920s1926 sp a |||| | spa d
100 1# - ENTRADA PRINCIPAL--NOMBRE DE PERSONA
Nombre de persona Vives y Escudero, Antonio.
9 (RLIN) 115597
245 13 - MENCIÓN DEL TÍTULO
Título La moneda hispánica /
Mención de responsabilidad, etc. Antonio Vives y Escudero ; [prólogo de Manuel Gómez Moreno].
260 ## - PUBLICACIÓN, DISTRIBUCIÓN, ETC.
Lugar de publicación, distribución, etc. Madrid :
Nombre del editor, distribuidor, etc. [s.n.],
Fecha de publicación, distribución, etc. 1926 (
Fabricante Imp. "Ed. Reus")
300 ## - DESCRIPCIÓN FÍSICA
Extensión 2 v. ;
Dimensiones 29, 25 cm.
500 ## - NOTA GENERAL
Nota general Precede al tít.: Real Academia de la Historia.
530 ## - NOTA DISPONIBLE DE FORMULARIO FÍSICO ADICIONAL
Nota de formato físico adicional disponible Disponible en formato digital.
650 04 - PUNTO DE ACCESO ADICIONAL DE MATERIA--TÉRMINO DE MATERIA
Término de materia o nombre geográfico como elemento de entrada Monedas antiguas-
Subdivisión geográfica España.
9 (RLIN) 15162
710 2# - ENTRADA AGREGADA--NOMBRE DE ENTIDAD CORPORATIVA
Nombre de entidad corporativa o nombre de jurisdicción como elemento de entrada Real Academia de la Historia (España)
9 (RLIN) 6309
852 ## - LOCALIZACIÓN
Ubicación ES-MaACL
Número de control de estantería F-3247-48
Ubicación en estantería Depósito 1
856 4# - LOCALIZACIÓN Y ACCESO ELECTRÓNICOS
Identificador Uniforme de Recursos <a href="http://bdh-rd.bne.es/viewer.vm?id=0000187642&page=1 ">http://bdh-rd.bne.es/viewer.vm?id=0000187642&page=1 </a>
Nota pública (6 v.)
Texto de enlace Biblioteca Digital Hispánica
942 ## - ELEMENTOS DE ENTRADA SECUNDARIOS (KOHA)
Fuente del sistema de clasificación o colocación Clasificación decimal universal
Holdings
Estatus retirado Estado de pérdida Estado de daño No para préstamo Colección Biblioteca de origen Biblioteca actual Ubicación en estantería Fecha de adquisición Fuente de adquisición Total de préstamos Signatura topográfica completa Código de barras Visto por última vez Precio de reemplazo Tipo de ítem Koha
        Colección digital Biblioteca del Ateneo de Madrid Biblioteca del Ateneo de Madrid Depósito 2 17/01/2008     F-3247-48 1147017 23/02/2023 23/02/2023 Libro impreso